| 000 | 01605nam0a2200337 4500 | ||
|---|---|---|---|
| 001 | RU\NLR\BIBL_A\012737763 | ||
| 005 | 20220514130643.0 | ||
| 010 |
_a978-5-00140-858-1 _9500 |
||
| 021 |
_aRU _bКН-П-21-087343 _9КН-П-21-6958 |
||
| 035 | _a(NLR Aleph) 012737763 | ||
| 035 | _a(RuMoRGB)010918740 | ||
| 090 |
_a12992592 _c12992592 |
||
| 100 | _a20220323d2022 u y0rusy50 ca | ||
| 101 | 0 | _arus | |
| 102 | _aRU | ||
| 105 | _aa|||z||||||g| | ||
| 181 | 1 |
_ai3 _baxxe |
|
| 182 | 1 | _an | |
| 200 | 1 |
_aДругая половина _e[поэзия] _fАлёна Молотилина |
|
| 203 |
_aТекст _bвизуальный _cнепосредственный |
||
| 210 |
_aСаратов _cАмирит _d2022 [т.е. 2021] |
||
| 215 |
_a222, [9] с. _cцв. ил. _d21 |
||
| 300 | _aФактическая дата выхода в свет - 2021 | ||
| 327 | 1 | _aСодерж.: Под шёпот звезд: любовная лирика; Семейный альбом: стихи о семье и детстве; Вальс снежных цветов: стихи о природе; Голубой поток: городская лирика; Не забывайте про войну: гражданская лирика; Не зарекайся, не суди: социальная лирика; Сопряжение смыслов "Отражение" | |
| 333 | _a18+ | ||
| 686 | 2 | _aШ6(2=Р)8-5 | |
| 700 | 1 |
_aМолотилина _bА. Г. _gАлёна Геннадьевна |
|
| 942 | _cBOOK | ||
| 980 | _aNB | ||